| 000 | 00950nam a2200265Ia 4500 | ||
|---|---|---|---|
| 003 | OSt | ||
| 005 | 20221005105005.0 | ||
| 006 | a|||||r|||| 00| 0 | ||
| 007 | ta | ||
| 008 | 221004b |||||||| |||| 00| 0 hin d | ||
| 020 |
_a8185999139 (hbk) _c550 |
||
| 024 | _a99911 | ||
| 037 |
_b366, 04/03/2010, Swaraj Prakashan _cTextual |
||
| 040 |
_aCRL _cCRL _bhin |
||
| 041 |
_2hin _ahin |
||
| 082 | _aX:3M24xM18:g, 152P6 | ||
| 100 | _aपांडेय, व्रजकुमार | ||
| 245 | 0 | _aमार्क्सवादी चिंतन | |
| 246 | _aMārksavādī chiantana | ||
| 260 |
_aदिल्ली _bस्वराज प्रकाशन भारत _c2006 |
||
| 300 |
_a305पृ0 _ccm. |
||
| 650 | _aअर्थशास्त्र | ||
| 942 |
_hX:3M24xM18:g, 152P6 _cTEXL _2cc |
||
| 999 |
_c1014402 _d1014402 |
||